000 01876nam0a2200397 4500
001 RU\NLR\bibl\1251706
005 20260406094538.0
010 _a978-5-8459-0821-6
_92000
021 _aRU
_b2008-39053
_92151
035 _a(nilc)RSL-KNO-002693844
035 _a(NLR Aleph) 001237789
090 _a239365
_c239365
100 _a20080711d2008 |||y0rusy50 ca
101 1 _arus
_ceng
102 _aRU
105 _ay |||||||||
200 1 _aПривычки на миллионы долларов
_eпроверенные эффективные методики по удвоению и утроению ваших доходов
_fБрайан Трейси
_g[пер. с англ. и ред. Я.А. Лебеденко]
210 _aМосква [и др.]
_cВильямс
_d2008
215 _a348 с.
_d21
300 _aЗагл. и авт. ориг.: Million dollar habits / Brian Tracy
320 _aПредм. указ.: с. 344-348
320 _aДр. работы авт. на 4-й с. обл.
454 0 _12001#$aMillion dollar habits
_1700#1$3RU\NLR\auth\7769296$7ba$aTracy$bB.$gBrian$4070
_tMillion dollar habits
_aTracy, Brian
606 1 _aПредпринимательство
_91161265
_3RU\NLR\auth\66147005
610 0 _aПсихология -- Социальная психология -- Экономическая психология
610 0 _aЭкономика -- Капиталистические страны -- Предпринимательство -- Популярное издание
686 _aЮ959.9,0
_2rubbk
686 _aУ829я9
_2rubbk
686 _aУ5-13
700 1 _4070
_8rus
_7ca
_aТрейси
_bБ.
_f1944-
_gБрайан
_3RU\NLR\auth\7769295
_952223
801 0 _aRU
_bRuMoRKP
_c20050811
_grcr
801 1 _aRU
_bRuMoRGB
_c20050811
801 2 _aRU
_bNLR
_c20051201
_grcr
942 _cBOOK
980 _aNB